[Event "VII. Solinger Karnevalsopen"]
[Site "Solingen"]
[Date "2016.02.07"]
[Round "4.24"]
[White "Grunwald, Günther"]
[Black "Bießner, Eberhard"]
[Result "1/2-1/2"]
[WhiteElo "1664"]
[BlackElo "1862"]
[PlyCount "130"]
[EventDate "2016.??.??"]
[WhiteTeam "SW Oberhausen"]
[BlackTeam "Rheydter SV"]

1. e4 Nf6 2. e5 Nd5 3. d4 d6 4. Nf3 Nc6 5. c3 Bg4 6. Be2 e6 7. O-O Bxf3 8. Bxf3
dxe5 9. c4 Nde7 10. d5 exd5 11. cxd5 Nd4 12. Nc3 Ng6 13. Be4 Bd6 14. Re1 f5 15.
Bc2 Nxc2 16. Qxc2 O-O 17. Qb3 Rb8 18. Be3 b6 19. Nb5 f4 20. Bd2 a6 21. Na7 Qf6
22. Nc6 Rbe8 23. Bb4 a5 24. Bxd6 cxd6 25. Qd3 Qg5 26. Qh3 e4 27. Rad1 e3 28.
fxe3 fxe3 29. Qg3 Qxg3 30. hxg3 Re4 31. Rd3 Rfe8 32. Re2 Ne5 33. Nxe5 R4xe5 34.
a3 Kf7 35. Kf1 Kf6 36. Rb3 Kg5 37. Rxb6 Rxd5 38. Rb3 Rd1+ 39. Re1 Rxe1+ 40.
Kxe1 Kg4 41. Ke2 a4 42. Rd3 g5 43. b4 axb3 44. Rxb3 Kf5 45. Rxe3 Rc8 46. Kd2
Rc4 47. Kd3 d5 48. Kd2 h5 49. Rb3 Rg4 50. Ke2 Ke5 51. Kd3 Ra4 52. Ke2 Kd4 53.
Kd2 Kc5 54. Rc3+ Kb5 55. Kd3 Rg4 56. Rb3+ Ka5 57. Ke2 d4 58. Kd2 h4 59. Rf3 Kb5
60. Kd3 hxg3 61. Kd2 Kc4 62. Rd3 Rf4 63. Rxg3 g4 64. Ke2 Re4+ 65. Kd2 Rf4
1/2-1/2

[Event "VII. Solinger Karnevalsopen"]
[Site "Solingen"]
[Date "2016.02.07"]
[Round "4.25"]
[White "Vehmeyer, Thomas"]
[Black "Zimdars, Wolfgang"]
[Result "1-0"]
[WhiteElo "1854"]
[BlackElo "1528"]
[PlyCount "65"]
[EventDate "2016.??.??"]
[WhiteTeam "SF Lohmar"]
[BlackTeam "SG Solingen"]

1. e4 c6 2. d4 d5 3. exd5 cxd5 4. c4 Nf6 5. Nc3 e6 6. Nf3 Be7 7. Bd3 dxc4 8.
Bxc4 O-O 9. O-O Nbd7 10. Re1 a6 11. Qe2 b5 12. Bxe6 Bb4 13. Bb3 h6 14. Ne5 Nb6
15. a3 Bxc3 16. bxc3 Nbd5 17. Bd2 Bb7 18. a4 Rc8 19. Qd3 Ba8 20. axb5 axb5 21.
Qg3 Kh8 22. Ra7 Rc7 23. Rea1 Rxa7 24. Rxa7 Ne4 25. Qd3 Nxd2 26. Qxd2 Qe8 27.
Qe1 Kg8 28. Qa1 Kh7 29. h3 f6 30. Bc2+ Kg8 31. Ng6 Bc6 32. Nxf8 Kxf8 33. Bh7
1-0

[Event "VII. Solinger Karnevalsopen"]
[Site "Solingen"]
[Date "2016.02.07"]
[Round "4.27"]
[White "Runte, Dirk"]
[Black "Rudolph, Eva"]
[Result "1-0"]
[WhiteElo "1722"]
[BlackElo "1534"]
[PlyCount "55"]
[EventDate "2016.??.??"]
[WhiteTeam "Fideler Bauer Leverkusen"]
[BlackTeam "Düsseldorfer SK"]

1. d4 d5 2. c4 e6 3. Nf3 Nf6 4. g3 c6 5. Bg2 Bd6 6. Nfd2 e5 7. cxd5 Nxd5 8.
dxe5 Bxe5 9. O-O O-O 10. Nc4 Bc7 11. Qb3 Nb6 12. Rd1 Qe7 13. Ne3 Be6 14. Qc2
N8d7 15. Na3 Ne5 16. Nf5 Qb4 17. Be4 Bxf5 18. Bxf5 Rad8 19. Bd2 Qe7 20. Bxh7+
Kh8 21. Qf5 Nd5 22. Bg5 Nf6 23. Qh3 Ned7 24. Rxd7 Qxd7 25. Bf5+ Kg8 26. Bxd7
Rxd7 27. Bxf6 Rd6 28. Be7 1-0

[Event "VII. Solinger Karnevalsopen"]
[Site "Solingen"]
[Date "2016.02.07"]
[Round "4.28"]
[White "Schmuck, Markus"]
[Black "Ipekyilmaz, Tayfun"]
[Result "1-0"]
[WhiteElo "1931"]
[BlackElo "1771"]
[PlyCount "131"]
[EventDate "2016.??.??"]
[WhiteTeam "vereinslos"]
[BlackTeam "Langenfelder SF"]

1. d4 Nf6 2. c4 e5 3. dxe5 Ng4 4. Nf3 Bc5 5. e3 Nc6 6. Be2 Ngxe5 7. O-O d6 8.
Nc3 Be6 9. b3 O-O 10. Na4 Bb6 11. Nxb6 axb6 12. Nd4 Bd7 13. f4 Nxd4 14. exd4
Nc6 15. Bb2 Re8 16. Qd2 Qe7 17. Bf3 Qe3+ 18. Rf2 Qxd2 19. Rxd2 Re3 20. d5 Nb4
21. Bd4 Rd3 22. Rxd3 Nxd3 23. g3 Ra3 24. Be4 Nb4 25. Bb1 b5 26. Bb2 Ra8 27. a3
Na6 28. Kf2 bxc4 29. bxc4 Re8 30. Bc2 Nc5 31. Re1 Rxe1 32. Kxe1 Kf8 33. Kd2 b5
34. Bd4 Na4 35. Kd3 bxc4+ 36. Kxc4 Nb6+ 37. Bxb6 cxb6 38. Kb4 Ke7 39. Bd3 Kd8
40. Be2 Kc7 41. g4 h6 42. g5 Bf5 43. Bh5 f6 44. h4 Be4 45. Kc4 Kb7 46. Be2 Bg2
47. Kd4 Ka7 48. Bc4 Kb7 49. Ke3 Ka7 50. Kf2 Bh3 51. Bd3 Bc8 52. Kg3 Bb7 53. Bc4
b5 54. Bxb5 Bxd5 55. gxh6 gxh6 56. Kg4 Be4 57. Kh5 Kb6 58. Be2 Kc7 59. Kxh6 Kd7
60. Kg7 Ke7 61. a4 d5 62. h5 d4 63. Bd1 d3 64. a5 d2 65. a6 Ke6 66. h6 1-0

[Event "VII. Solinger Karnevalsopen"]
[Site "Solingen"]
[Date "2016.02.07"]
[Round "4.29"]
[White "Gawlick, Joachim"]
[Black "Prieb, Robert"]
[Result "1-0"]
[WhiteElo "1824"]
[BlackElo "1494"]
[PlyCount "87"]
[EventDate "2016.??.??"]
[WhiteTeam "SC Gerthe - Werne"]
[BlackTeam "SchachAkademiePaderborn"]

1. d4 Nf6 2. Nf3 g6 3. g3 Bg7 4. Bg2 O-O 5. c4 d6 6. Nc3 Nc6 7. O-O a6 8. Re1
Rb8 9. a4 Bd7 10. h3 Na5 11. b3 c5 12. dxc5 dxc5 13. Bf4 Rc8 14. Qc2 Qb6 15.
Rab1 Nc6 16. e4 Nb4 17. Qe2 Rfd8 18. Nd5 Nfxd5 19. cxd5 Qa5 20. Ne5 b5 21. Nxd7
Rxd7 22. axb5 axb5 23. h4 Ra7 24. Bd2 Bd4 25. Bf1 Rb8 26. e5 Qb6 27. Bxb4 cxb4
28. Qf3 f6 29. exf6 Qxf6 30. Qxf6 exf6 31. Rbd1 Bc3 32. Re6 Rd7 33. Rc6 Rbd8
34. Bxb5 Kg7 35. Bc4 Re7 36. d6 Re1+ 37. Rxe1 Bxe1 38. Rc7+ Kf8 39. Rf7+ Ke8
40. Re7+ Kf8 41. Rxe1 Rxd6 42. Re6 Rd1+ 43. Kg2 f5 44. Rb6 1-0

[Event "VII. Solinger Karnevalsopen"]
[Site "Solingen"]
[Date "2016.02.07"]
[Round "4.30"]
[White "Schulten, Sandro"]
[Black "Pan, Yun"]
[Result "0-1"]
[WhiteElo "1530"]
[BlackElo "1673"]
[PlyCount "86"]
[EventDate "2016.??.??"]
[WhiteTeam "BW Concordia Viersen"]
[BlackTeam "Fideler Bauer Leverkusen"]

1. d4 Nf6 2. c4 g6 3. Nc3 Bg7 4. e4 d6 5. f3 O-O 6. Be3 Nc6 7. Bd3 e5 8. d5 Nd4
9. Nge2 Nxe2 10. Qxe2 c5 11. O-O Nh5 12. Qd2 f5 13. exf5 gxf5 14. Bxf5 Bxf5 15.
g4 Bg6 16. gxh5 Bxh5 17. Qg2 Bg6 18. Ne4 Kh8 19. Rf2 Bxe4 20. fxe4 Rg8 21. Qh3
Bh6+ 22. Kh1 Bxe3 23. Qxe3 Qd7 24. Rg1 Rxg1+ 25. Kxg1 Rg8+ 26. Kf1 Qg4 27. Qf3
Qxf3 28. Rxf3 Rg4 29. Re3 Kg7 30. Rg3 h5 31. Kf2 Kf6 32. Rxg4 hxg4 33. a3 b6
34. Kg2 Kg6 35. Kf2 Kh5 36. Kg3 Kg5 37. b3 a6 38. b4 cxb4 39. axb4 a5 40. c5
dxc5 41. bxc5 bxc5 42. d6 Kf6 43. Kxg4 a4 0-1

[Event "VII. Solinger Karnevalsopen"]
[Site "Solingen"]
[Date "2016.02.07"]
[Round "4.31"]
[White "Müller, Hans-Peter"]
[Black "Ipekyilmaz, Mert"]
[Result "0-1"]
[WhiteElo "1545"]
[BlackElo "1471"]
[PlyCount "108"]
[EventDate "2016.??.??"]
[WhiteTeam "SV Dinslaken"]
[BlackTeam "Langenfelder SF"]

1. d4 Nf6 2. Nf3 d5 3. Bf4 Bf5 4. e3 e6 5. Bd3 Bxd3 6. Qxd3 Bb4+ 7. c3 Bd6 8.
Ne5 Nh5 9. Bg3 Nxg3 10. hxg3 Bxe5 11. dxe5 h6 12. Nd2 Nc6 13. f4 Qe7 14. Nb3 g5
15. Nd4 Nxd4 16. Qxd4 c6 17. O-O-O b6 18. Qd3 f5 19. exf6 Qxf6 20. Rdf1 gxf4
21. Rxf4 Qg5 22. g4 Rf8 23. Rxf8+ Kxf8 24. Qf1+ Kg7 25. Qf4 Rf8 26. Qxg5+ hxg5
27. Rh5 Kg6 28. Rh1 Rf2 29. Rh2 e5 30. b3 Rxa2 31. Rh8 Rxg2 32. Rg8+ Kf6 33.
Rf8+ Kg7 34. Rf5 Rxg4 35. Rxe5 Kf6 36. Re8 Re4 37. Rf8+ Kg7 38. Rf3 g4 39. Rg3
Kh6 40. Kd2 Kh5 41. Ke2 Kh4 42. Kf2 a5 43. Rg1 a4 44. bxa4 Rxa4 45. Rh1+ Kg5
46. Kg3 Re4 47. Re1 c5 48. Kf2 d4 49. cxd4 cxd4 50. exd4 Rxe1 51. Kxe1 Kf4 52.
d5 Ke5 53. d6 Kxd6 54. Ke2 b5 0-1

[Event "VII. Solinger Karnevalsopen"]
[Site "Solingen"]
[Date "2016.02.07"]
[Round "4.32"]
[White "Kuckert, Kai"]
[Black "Beißel, Daniel"]
[Result "0-1"]
[WhiteElo "1241"]
[BlackElo "1499"]
[PlyCount "40"]
[EventDate "2016.??.??"]
[WhiteTeam "Fideler Bauer Leverkusen"]
[BlackTeam "SV Horrem"]

1. e4 c5 2. Nf3 Nc6 3. d4 cxd4 4. Nxd4 e6 5. Nc3 Nf6 6. Bf4 Bb4 7. Nxc6 bxc6 8.
Bd3 d5 9. O-O Bxc3 10. bxc3 dxe4 11. Bc4 Nd5 12. Bd2 f5 13. Rb1 O-O 14. Qe2 Rf7
15. Rfd1 Qc7 16. Bb3 a5 17. a4 c5 18. Be1 Nb6 19. f3 Ba6 20. Qf2 c4 0-1

[Event "VII. Solinger Karnevalsopen"]
[Site "Solingen"]
[Date "2016.02.07"]
[Round "4.34"]
[White "Ebert, Jürgen"]
[Black "Coenen, Siegfried"]
[Result "1-0"]
[WhiteElo "1861"]
[BlackElo "2073"]
[PlyCount "53"]
[EventDate "2016.??.??"]
[WhiteTeam "BW Concordia Viersen"]
[BlackTeam "SG Hochneukirch"]

1. e4 e5 2. Bc4 Nf6 3. d4 Nxe4 4. dxe5 Qe7 5. Qd5 Nf6 6. Qxf7+ Qxf7 7. Bxf7+
Kxf7 8. exf6 gxf6 9. Bf4 Bb4+ 10. Nd2 Re8+ 11. Be3 Bc5 12. Nf1 b6 13. Nf3 Ba6
14. N3d2 Bb7 15. Rg1 d5 16. O-O-O Bd6 17. Ng3 c5 18. c3 Bc7 19. Nf3 Nd7 20. Nf5
Ne5 21. Nh6+ Kg6 22. Nh4+ Kg7 23. N4f5+ Kf8 24. g4 Nc4 25. g5 Nxe3 26. fxe3 d4
27. g6 1-0

[Event "VII. Solinger Karnevalsopen"]
[Site "Solingen"]
[Date "2016.02.07"]
[Round "5.2"]
[White "Wegerle, Jörg"]
[Black "Marcziter, Dr. Dmitrii"]
[Result "1/2-1/2"]
[WhiteElo "2440"]
[BlackElo "2311"]
[PlyCount "147"]
[EventDate "2016.??.??"]
[WhiteTeam "SG Solingen"]
[BlackTeam "DJK Aufwärts Aachen"]

1. g3 c5 2. Bg2 Nc6 3. Nf3 g6 4. c4 Bg7 5. Nc3 e5 6. d3 Nge7 7. Bg5 O-O 8. O-O
h6 {(=)} 9. Bxe7 Nxe7 10. Ne1 d6 11. Nc2 Rb8 12. Ne3 Be6 13. Qd2 f5 14. Ned5 g5
15. Nxe7+ Qxe7 16. Bd5 Kh8 17. f3 Bd7 18. Rae1 h5 19. e3 Qf6 20. Qg2 Qh6 21. h3
Bc6 22. g4 Bxd5 23. Nxd5 Rbe8 24. e4 f4 25. gxh5 Qxh5 26. Qg4 Qxg4+ 27. hxg4
Bf6 28. Kg2 Kg7 29. Nc7 Re7 30. Nb5 Rd7 31. Nxa7 Ra8 32. Nb5 Rxa2 33. Rb1 Ra8
34. Ra1 Ra6 35. Kf2 Bd8 36. Ke2 Kg6 37. Rab1 Ba5 38. Rh1 Rh7 39. Rxh7 Kxh7 40.
Kd1 Bd8 41. Kc2 Kg7 42. Nc3 Ba5 43. Ra1 Bd8 44. Rh1 Bf6 45. b3 Bd8 46. Kb2 Ba5
47. Nb5 Bd8 48. Nc3 Ba5 49. Na4 Bd8 50. Ka3 Ba5 51. Rh5 Bd8 52. Kb2 Ra8 53. Nc3
Ra6 54. Nb5 Rb6 55. Rh1 Ra6 56. Ra1 Ba5 57. Kc2 Kf6 58. Kb1 Kg7 59. Kc2 Bb4 60.
Rxa6 bxa6 61. Nxd6 a5 62. Ne8+ Kf7 63. Nd6+ Ke6 64. Nf5 Kf6 65. Kb2 Ke6 66. Kc2
Kf6 67. Nd6 Ke6 68. Nc8 Kd7 69. Nb6+ Ke6 70. Kb2 Ke7 71. Nd5+ Ke6 72. Kc2 Kf7
73. Kb2 Ke6 74. Kc2 1/2-1/2

[Event "VII. Solinger Karnevalsopen"]
[Site "Solingen"]
[Date "2016.02.07"]
[Round "5.3"]
[White "Mühlenhaus, Sven"]
[Black "Krüger, Andre"]
[Result "1/2-1/2"]
[WhiteElo "2251"]
[BlackElo "2103"]
[PlyCount "73"]
[EventDate "2016.??.??"]
[WhiteTeam "Oberbilker SV"]
[BlackTeam "SV Mülheim-Nord"]

1. d4 d5 2. c4 dxc4 3. Nf3 Nf6 4. e3 Bg4 5. Bxc4 e6 6. h3 Bh5 7. O-O Bd6 8. Nc3
Nc6 9. b3 O-O 10. Bb2 a6 11. Be2 Nd7 12. d5 exd5 13. Nxd5 f6 14. Bc4 Kh8 15.
Nf4 Bxf4 16. exf4 Nb6 17. Be2 Nd5 18. g3 Qd7 19. Kg2 Bf7 20. Nd4 Nxd4 21. Qxd4
Rfe8 22. Bf3 c6 23. h4 Qf5 24. Rfe1 Rad8 25. Rad1 Bh5 26. Rxe8+ Rxe8 27. Bxh5
Qxh5 28. Rd2 Qf5 29. Ba3 h5 30. Bc5 Re4 31. Qd3 Rxf4 32. Qxf5 Rxf5 33. Bd6 Nc3
34. Bb4 Nd5 35. Bd6 Nc3 36. Bb4 Nd5 37. Bd6 1/2-1/2

[Event "VII. Solinger Karnevalsopen"]
[Site "Solingen"]
[Date "2016.02.07"]
[Round "5.4"]
[White "Schleining, Zoya"]
[Black "Görke, Joachim"]
[Result "1-0"]
[WhiteElo "2354"]
[BlackElo "2127"]
[PlyCount "83"]
[EventDate "2016.??.??"]
[WhiteTeam "SV Letmathe"]
[BlackTeam "SG Solingen"]

1. Nf3 f5 2. g3 Nf6 3. Bg2 d6 4. d4 e6 5. O-O Be7 6. c4 O-O 7. Nc3 Qe8 8. b3 a5
9. Bb2 Qh5 10. Ne1 g5 11. e4 Qxd1 12. Rxd1 fxe4 13. Nxe4 Nxe4 14. Bxe4 Bf6 15.
Nc2 c5 16. Bc1 Ra6 17. dxc5 dxc5 18. Be3 Be7 19. f4 gxf4 20. Bxf4 Nc6 21. Bd6
Bxd6 22. Rxd6 Rxf1+ 23. Kxf1 e5 24. Rh6 Nb4 25. Bxh7+ Kg7 26. Rxa6 Nxa6 27. Be4
Nc7 28. Ne3 b5 29. Kf2 a4 30. bxa4 bxc4 31. Nxc4 Be6 32. Nxe5 Bxa2 33. Bd3 Be6
34. a5 Kf6 35. Nc4 Bd5 36. Nb6 Bc6 37. Bc4 Kf5 38. Ke3 Kg4 39. Bf1 Ne6 40. a6
Ng5 41. a7 Ne4 42. Bg2 1-0

[Event "VII. Solinger Karnevalsopen"]
[Site "Solingen"]
[Date "2016.02.07"]
[Round "5.5"]
[White "Quast, Marcel"]
[Black "Speck, Stefan"]
[Result "1/2-1/2"]
[WhiteElo "2216"]
[BlackElo "1984"]
[PlyCount "90"]
[EventDate "2016.??.??"]
[WhiteTeam "SC Gerthe - Werne"]
[BlackTeam "SC Solingen 28"]

1. e4 c5 2. d4 cxd4 3. c3 dxc3 4. Nxc3 d6 5. Bc4 Nc6 6. Nf3 e6 7. O-O a6 8. Qe2
Be7 9. Rd1 Qa5 10. Bf4 Ne5 11. Bxe5 dxe5 12. a3 Nf6 13. b4 Qc7 14. Rac1 Qb8 15.
Ba2 Bd7 16. Nd2 O-O 17. Nc4 b5 18. Nb2 a5 19. Nd3 axb4 20. axb4 Rc8 21. Bb3 Ra7
22. Nb1 Rac7 23. Rxc7 Qxc7 24. f3 Bxb4 25. g3 Bc5+ 26. Nxc5 Qxc5+ 27. Kg2 g6
28. Qf2 Qxf2+ 29. Kxf2 Kf8 30. Rd6 Ke7 31. Rb6 Ne8 32. Ra6 Nd6 33. Nd2 Nc4 34.
Nf1 Rc6 35. Ra2 Rd6 36. Ke2 f5 37. Rc2 Rd4 38. Bxc4 Rxc4 39. Rxc4 bxc4 40. Ne3
Bb5 41. Kd2 Kd6 42. Kc3 Kc5 43. Nf1 Bc6 44. Nd2 Bb5 45. g4 Ba6 1/2-1/2

[Event "VII. Solinger Karnevalsopen"]
[Site "Solingen"]
[Date "2016.02.07"]
[Round "5.6"]
[White "Lenhardt, Manfred"]
[Black "Wolff, Michael"]
[Result "1/2-1/2"]
[WhiteElo "2136"]
[BlackElo "1970"]
[PlyCount "194"]
[EventDate "2016.??.??"]
[WhiteTeam "SC Weisse Dame (Berlin)"]
[BlackTeam "Ford SF Köln"]

1. d4 Nf6 2. Nf3 c5 3. e3 g6 4. Nbd2 cxd4 5. exd4 Bg7 6. Bd3 d5 7. O-O Bg4 8.
h3 Bxf3 9. Nxf3 Nc6 10. c3 O-O 11. Bf4 Qb6 12. Qb3 Qxb3 13. axb3 a6 14. Ne5
Nxe5 15. Bxe5 Nd7 16. Bxg7 Kxg7 17. Ra5 e6 18. Rfa1 Rac8 19. b4 Nb8 20. Rc5 b5
21. f4 Rfd8 22. Kf2 Kf8 23. g4 h6 24. h4 Ke7 25. Rxc8 Rxc8 26. Kf3 Kf6 27. Rh1
Nd7 28. Ra1 Rc6 29. Kg3 Nb8 30. f5 gxf5 31. gxf5 Rc8 32. Rf1 Rg8+ 33. Kh3 Ke7
34. fxe6 fxe6 35. h5 Nd7 36. Bg6 Rg7 37. Ra1 Nb8 38. Kg4 Rg8 39. Kf4 Rf8+ 40.
Ke3 Kd6 41. Rg1 Nd7 42. Bd3 Ke7 43. Rg2 Nf6 44. Bg6 Nd7 45. b3 Rf1 46. Bd3 Rf8
47. Ra2 Nb8 48. Ra1 Rc8 49. Kd2 Rf8 50. Ke3 Rc8 51. Rc1 Nc6 52. Rg1 Rf8 53. Be2
Rf7 54. Ra1 Nb8 55. Bg4 Rf8 56. Re1 Rg8 57. Kf4 Rf8+ 58. Kg3 Rf6 59. Bf3 Kd6
60. Be2 Rf8 61. Bf3 Nc6 62. Ra1 Nb8 63. Bg4 Rf6 64. Kh4 Rf4 65. Re1 Rf6 66. Bh3
Nc6 67. Ra1 Nb8 68. Rg1 Rf4+ 69. Kg3 Rf8 70. Kh2 Ke7 71. Re1 Rf6 72. Kg3 Nc6
73. Ra1 Nb8 74. Bf1 Rf5 75. Be2 Rg5+ 76. Kf4 Rf5+ 77. Ke3 Rf8 78. c4 bxc4 79.
bxc4 dxc4 80. Bxc4 Rf5 81. Bd3 Rxh5 82. Rc1 Rh3+ 83. Kd2 Rh2+ 84. Kc3 h5 85.
Rg1 h4 86. Rg7+ Kd6 87. Rb7 Nd7 88. Bxa6 Ra2 89. Bc4 Ra3+ 90. Bb3 Ra1 91. Rb5
Rh1 92. Rh5 h3 93. Rh6 h2 94. Kb2 Nf8 95. d5 Re1 96. Rxh2 exd5 97. Rh5 Re5
1/2-1/2

[Event "VII. Solinger Karnevalsopen"]
[Site "Solingen"]
[Date "2016.02.07"]
[Round "5.7"]
[White "Esser, Thomas"]
[Black "König, Falk"]
[Result "1-0"]
[WhiteElo "2003"]
[BlackElo "2066"]
[PlyCount "113"]
[EventDate "2016.??.??"]
[WhiteTeam "PTSV Aachen"]
[BlackTeam "SF Vonkeln"]

1. d4 d5 2. c4 c6 3. Nf3 e6 4. e3 Nd7 5. b3 Bb4+ 6. Nbd2 Ngf6 7. Bb2 Ne4 8. a3
Bd6 9. Nxe4 dxe4 10. Nd2 f5 11. c5 Bb8 12. Qh5+ Kf8 13. Bc4 Nf6 14. Qe2 Nd5 15.
O-O-O Qg5 16. h4 Qh6 17. g4 g6 18. g5 Qg7 19. f3 exf3 20. Qxf3 Ke7 21. h5 gxh5
22. Rxh5 Bd7 23. e4 fxe4 24. Qxe4 Bf4 25. Rdh1 Kd8 26. Bxd5 Bxd2+ 27. Kxd2 cxd5
28. Qh4 Kc8 29. Qe1 b6 30. c6 Bxc6 31. Qxe6+ Qd7 32. Qxd7+ Kxd7 33. g6 h6 34.
Rxh6 Rxh6 35. Rxh6 Rg8 36. Kc3 Ke7 37. Bc1 Be8 38. Bg5+ Ke6 39. g7+ Kf7 40. Bf6
Bd7 41. Be5 Rc8+ 42. Kd2 Be6 43. Rf6+ Ke7 44. Rf1 Bg8 45. Rf8 Kd7 46. Bd6 Re8
47. a4 Bh7 48. Ba3 Bg8 49. Bd6 Bh7 50. Be5 Ke7 51. Ke3 Bg8 52. Bd6+ Kd7+ 53.
Kf4 Rc8 54. Rxg8 Rxg8 55. Bf8 Ke6 56. Kg5 a6 57. b4 1-0

[Event "VII. Solinger Karnevalsopen"]
[Site "Solingen"]
[Date "2016.02.07"]
[Round "5.8"]
[White "Gutt, Stefan"]
[Black "Zolfagharian, Kevin"]
[Result "0-1"]
[WhiteElo "1950"]
[BlackElo "2129"]
[PlyCount "74"]
[EventDate "2016.??.??"]
[WhiteTeam "Bergische SF"]
[BlackTeam "SG Solingen"]

1. d4 d5 2. c4 c6 3. Nf3 Nf6 4. Nc3 Ne4 5. e3 e6 6. Nxe4 dxe4 7. Nd2 f5 8. f3
Bd6 9. f4 O-O 10. Be2 Nd7 11. c5 Bc7 12. O-O g5 13. g3 Nf6 14. Nc4 Nd5 15. Ne5
Qe7 16. Bd2 Bxe5 17. dxe5 Qxc5 18. Qb3 gxf4 19. gxf4 Rd8 20. Rad1 a5 21. Kh1 a4
22. Qc4 Qxc4 23. Bxc4 b6 24. Rg1+ Kf7 25. Be1 Ba6 26. Bxa6 Rxa6 27. Bh4 Rg8 28.
Rxg8 Kxg8 29. Rg1+ Kf7 30. Bf6 Nxf6 31. exf6 Kxf6 32. Rg8 a3 33. b3 Ra5 34. Rb8
Rc5 35. Rxb6 Rc2 36. Ra6 Rxa2 37. Rxc6 Rb2 0-1

[Event "VII. Solinger Karnevalsopen"]
[Site "Solingen"]
[Date "2016.02.07"]
[Round "5.9"]
[White "Kühn, Patrick"]
[Black "Kreutzmann, Duke"]
[Result "0-1"]
[WhiteElo "1983"]
[BlackElo "1754"]
[PlyCount "104"]
[EventDate "2016.??.??"]
[WhiteTeam "SG Hochneukirch"]
[BlackTeam "Düsseldorfer SK"]

1. e4 e6 2. d4 d5 3. Nd2 Nf6 4. e5 Nfd7 5. Bd3 c5 6. c3 Nc6 7. Ne2 cxd4 8. cxd4
f6 9. Nf4 Nxd4 10. Qh5+ Ke7 11. Ng6+ hxg6 12. exf6+ Nxf6 13. Qxh8 Kf7 14. Qh4
e5 15. O-O e4 16. Bb1 Bd6 17. f4 Qb6 18. Kh1 Be6 19. Qe1 Rh8 20. b3 Nf5 21. Bb2
Ng4 22. h3 Bb4 23. Bc1 Nge3 24. Rf2 Ng4 25. Rf1 e3 26. Rf3 Nf2+ 27. Kh2 Bxd2
28. Bxd2 exd2 29. Qxd2 Ng4+ 30. Kh1 Nd4 31. Rd3 Nf5 32. Rf3 Nh4 33. Rc3 Nf2+
34. Kh2 Nf5 35. Bxf5 gxf5 36. Rac1 Ne4 37. Rc7+ Kf6 38. Qb2+ d4 39. Qa3 Re8 40.
Qb2 Kg6 41. h4 Rh8 42. g3 Nc3 43. Re7 Nd5 44. Qa3 d3 45. Rcc7 Nxc7 46. Qb2 Ne8
47. Qe5 Bf7 48. Kg2 Nf6 49. g4 Qc6+ 50. Kg1 Qc1+ 51. Kg2 Bd5+ 52. Kg3 Qg1+ 0-1

[Event "VII. Solinger Karnevalsopen"]
[Site "Solingen"]
[Date "2016.02.07"]
[Round "5.10"]
[White "Boschek, Dr. Hans-Joachim"]
[Black "Sherif, Amina"]
[Result "0-1"]
[WhiteElo "1896"]
[BlackElo "1982"]
[PlyCount "52"]
[EventDate "2016.??.??"]
[WhiteTeam "SG Solingen"]
[BlackTeam "SG Solingen"]

1. d4 g6 2. c4 Bg7 3. Nc3 d6 4. e4 Nd7 5. f4 e5 6. Nf3 exd4 7. Nxd4 Ngf6 8. Be2
O-O 9. O-O Nc5 10. Bf3 a5 11. f5 Re8 12. fxg6 fxg6 13. Bg5 h6 14. Bh4 g5 15.
Bg3 Ncxe4 16. Nxe4 Nxe4 17. Bxe4 Rxe4 18. Nf5 Bxf5 19. Qd5+ Kh8 20. Qxf5 Qe7
21. Qd5 c6 22. Qxd6 Qxd6 23. Bxd6 Kg8 24. Rac1 Bxb2 25. Rce1 Bd4+ 26. Kh1 Rae8
0-1

[Event "VII. Solinger Karnevalsopen"]
[Site "Solingen"]
[Date "2016.02.07"]
[Round "5.11"]
[White "Borchert, Stephan"]
[Black "Padva, Leo"]
[Result "1/2-1/2"]
[WhiteElo "1956"]
[BlackElo "1843"]
[PlyCount "93"]
[EventDate "2016.??.??"]
[WhiteTeam "SG Solingen"]
[BlackTeam "SG Porz"]

1. e4 d5 2. exd5 Nf6 3. Nc3 Nxd5 4. Bc4 Be6 5. Qf3 c6 6. Nge2 g6 7. Nd4 Bg7 8.
Nxe6 fxe6 9. O-O Nd7 10. Qe4 Nc5 11. Qg4 b5 12. Bb3 Nxb3 13. axb3 Qc8 14. Re1
e5 15. Qxc8+ Rxc8 16. Rxa7 Nb4 17. Re4 Nxc2 18. d3 Nd4 19. Bg5 Bf6 20. f4 Nxb3
21. Bh6 Nc5 22. Re2 e4 23. Nxe4 Nxe4 24. Rxe4 Kf7 25. Bg5 Rhe8 26. Bxf6 Kxf6
27. Kf2 Rcd8 28. Ke3 Rd5 29. Rc7 Rd6 30. b4 h5 31. d4 e6 32. Ra7 Rc8 33. h3 h4
34. Kf3 Rcd8 35. Ke3 R6d7 36. Rxd7 Rxd7 37. Re5 Ra7 38. Rc5 Ra3+ 39. Ke2 Rb3
40. Rxc6 Kf5 41. Rc5+ Kxf4 42. Rxb5 g5 43. Rb6 Rb2+ 44. Kf1 Rb1+ 45. Kf2 Rb2+
46. Kf1 Rb1+ 47. Kf2 1/2-1/2

[Event "VII. Solinger Karnevalsopen"]
[Site "Solingen"]
[Date "2016.02.07"]
[Round "5.12"]
[White "Terhuven, Patrick"]
[Black "Spradley, Julian"]
[Result "1-0"]
[WhiteElo "2163"]
[BlackElo "1744"]
[PlyCount "55"]
[EventDate "2016.??.??"]
[WhiteTeam "Krefelder SK Turm"]
[BlackTeam "SV Erftstadt"]

1. d4 Nf6 2. Nf3 e6 3. e3 d5 4. Bd3 Be7 5. O-O O-O 6. b3 c5 7. Bb2 b6 8. Ne5
Bb7 9. Nd2 Nc6 10. f4 Nb4 11. Be2 Nd7 12. a3 Nc6 13. Bd3 f5 14. g4 Ncxe5 15.
dxe5 g6 16. Qf3 c4 17. Bxc4 dxc4 18. Qxb7 Nc5 19. Qg2 cxb3 20. Nxb3 Nxb3 21.
cxb3 Qd3 22. gxf5 Qxe3+ 23. Kh1 Qxb3 24. fxg6 Rad8 25. gxh7+ Kxh7 26. Qg4 Qd5+
27. Rf3 Bc5 28. Qg2 1-0

[Event "VII. Solinger Karnevalsopen"]
[Site "Solingen"]
[Date "2016.02.07"]
[Round "5.13"]
[White "Rahimi, Rahim"]
[Black "Reinacher, Detlev"]
[Result "1-0"]
[WhiteElo "2083"]
[BlackElo "1759"]
[PlyCount "25"]
[EventDate "2016.??.??"]
[WhiteTeam "Hellertaler SF"]
[BlackTeam "SC Hansa Dortmund"]

1. d4 Nf6 2. Nf3 d6 3. h3 g6 4. Bf4 Bg7 5. e3 c6 6. Nbd2 Nbd7 7. c3 Qc7 8. Bc4
O-O 9. Ng5 b5 10. Bxf7+ Rxf7 11. Qb3 Nd5 12. Nxf7 Nxf4 13. Nh6+ 1-0

[Event "VII. Solinger Karnevalsopen"]
[Site "Solingen"]
[Date "2016.02.07"]
[Round "5.14"]
[White "Sewald, Kathrin"]
[Black "Flesch, Dr. Stefan"]
[Result "0-1"]
[WhiteElo "1754"]
[BlackElo "2075"]
[PlyCount "122"]
[EventDate "2016.??.??"]
[WhiteTeam "SG Porz"]
[BlackTeam "SG Solingen"]

1. e4 g6 2. d4 Bg7 3. c3 Nf6 4. Bd3 O-O 5. f4 d5 6. e5 Ne4 7. Nf3 f5 8. Be3 b6
9. Qe2 c5 10. c4 e6 11. Nc3 Bb7 12. Rd1 Qe7 13. Bc2 cxd4 14. Bxd4 Nxc3 15. Bxc3
dxc4 16. O-O Bd5 17. Nd4 a6 18. a3 Rc8 19. Bb4 Qb7 20. Bb1 Nc6 21. Nc2 b5 22.
Bc3 Be4 23. Rd6 Bd3 24. Rxd3 cxd3 25. Qxd3 Rd8 26. Qf3 Qb6+ 27. Kh1 a5 28. Ba2
Kf7 29. b4 axb4 30. Nxb4 Na5 31. Be1 Nc4 32. Bf2 Qc7 33. Rc1 Qd7 34. Bxc4 bxc4
35. Rxc4 Qd1+ 36. Bg1 Qxf3 37. gxf3 Rac8 38. Nc6 Rd3 39. a4 Ke8 40. a5 Kd7 41.
Rd4+ Rxd4 42. Nxd4 Bf8 43. Nb3 Rc3 44. Nd2 Rc1 45. Nb3 Rb1 46. Nd2 Ra1 47. Nb3
Ra3 48. Nc5+ Bxc5 49. Bxc5 Rxa5 50. Bf8 Ra2 51. Kg1 Kc6 52. Be7 Kd5 53. h4 Kd4
54. Kf1 Ke3 55. Bg5 Kxf3 56. Ke1 Ra4 57. Kd2 Rxf4 58. Kd3 Ra4 59. Kc3 Kg3 60.
Kb3 Re4 61. Bf6 f4 0-1

[Event "VII. Solinger Karnevalsopen"]
[Site "Solingen"]
[Date "2016.02.07"]
[Round "5.15"]
[White "Spindler, Florian"]
[Black "Tayyar, Alptug"]
[Result "1-0"]
[WhiteElo "1847"]
[BlackElo "2022"]
[PlyCount "61"]
[EventDate "2016.??.??"]
[WhiteTeam "SG Porz"]
[BlackTeam "SW Remscheid"]

1. e4 c5 2. Nf3 d6 3. Nc3 Nf6 4. d4 cxd4 5. Nxd4 a6 6. Bc4 e6 7. O-O Be7 8. Re1
O-O 9. Qf3 Qc7 10. Bb3 Nc6 11. Nxc6 bxc6 12. Qg3 e5 13. Bg5 Kh8 14. Rad1 h6 15.
Be3 Bb7 16. f3 Nd7 17. Qh3 Nf6 18. Rd3 Bc8 19. Qg3 Nh5 20. Qf2 f5 21. Rdd1 fxe4
22. Nxe4 d5 23. Ng3 Bh4 24. Bb6 Qb8 25. Qc5 Be7 26. Qxe7 Qxb6+ 27. Kh1 Nxg3+
28. hxg3 Bf5 29. Qxe5 Rae8 30. Qf4 Be6 31. Rxe6 1-0